Before or After Vatican II? - Statistics

General Stats
  • This quiz has been taken 22 times
  • The average score is 11 of 16
Answer Stats
Hint Explanation Answer % Correct
John Paul II is named Pope 1978 (2) After
90%
World War II 1939-45 (1) Before
85%
Institution of extraordinary ministers of Holy Communion (Arguably) result of Vatican II (2) After
80%
The Society of Saint Pius X (SSPX) is founded by Marcel Lefebvre 1970 (2) After
80%
Discovery of penicillin 1928 (1) Before
75%
Celebration of Mass in the vernacular Result of Vatican II (2) After
75%
The encyclical Humanae vitae is released 1968 (2) After
75%
Apollo 11 Moon landing 1969 (2) After
75%
India gains independence 1947 (1) Before
70%
The film The Wizard of Oz is released 1939 (1) Before
70%
Zaire is renamed Democratic Republic of the Congo 1997 (2) After
70%
The encyclical Rerum novarum is released 1891 (1) Before
65%
JFK, first Catholic president of the US, is elected 1961 (1) Before
60%
Ability to nullify the Sacrament of marriage Long-practiced in the Catholic Church (1) Before
55%
Berlin Wall is erected 1961 (1) Before
50%
Catholic–Orthodox mutual excommunications are lifted 1965 (2) After
50%
No matching quizzes found
Score Distribution
Percent of People with Each Score
Percentile by Number Answered
Your Score History
You have not taken this quiz